000 00292nam a22001337a 4500
008 171124b xxu||||| |||| 00| 0 eng d
020 _a0801638739
041 _aeng
080 _22ND
_a612.39
100 _a10
101 _aNUT
245 _aCLINICAL NUTRITION
_cPAIGE,D.M
942 _2udc
_cBK
999 _c38461
_d38461